00794nam a2200229Ia 450000500170000000800410001702000180005808200200007610000340009624500580013025000180018830000310020649000550023765000390029265000370033165000540036826400190042233600270044133700330046833800280050104000350052920220317001320.0161108s9999 ck g 000 0 spa  a978958648462604aR 333.703bF71d1 aFraume Restrepo, Nestor Julio10aDiccionario ambientalcNéstor Julio Fraume Restrepo a1a. edición aviii, 465 páginasc24 cm aTextos universitariospEcología y medio ambiente142LEMBaMedio ambientevDiccionarios142LEMB aEcología vDiccionarios142LEMB aBotánica vEnciclopedias y diccionarios  aBogotábEcoe atextobtxt2rdacontent asin mediaciónbn2rdamedia avolumenbnc2rdacarrier aCO-BoRNBPbspaerdacCO-BoRNBP